| 000 | 02030nam0a2200385 4500 | ||
|---|---|---|---|
| 001 | RU\NLR\bibl\236811 | ||
| 005 | 20260407120051.0 | ||
| 010 |
_a5-7253-0409-4 _9100 |
||
| 021 |
_aRU _b2001-42150 _92007 |
||
| 035 | _a(NLR Aleph) 000232730 | ||
| 090 |
_a1354743 _c1354743 |
||
| 100 | _a20020305d2000 |||y0rusy50 ca | ||
| 101 | 0 | _arus | |
| 102 | _aRU | ||
| 105 | _aa ||||||||| | ||
| 200 | 1 |
_aВнешнеэкономическая деятельность и социально-экономическое развитие Иркутской области: проблемы и пути их решения _eСб. науч. тр. _fМ-во образования Рос. Федерации, Иркут. гос. экон. акад. _g[Под. ред. Т.К. Петровой, Н.Г. Данилович] |
|
| 210 |
_aИркутск _cИзд-во ИГЭА _d2000 |
||
| 215 |
_a264 с. _cил. _d20 |
||
| 300 | _aНа тит. л. и обл. : Посвящ. 10-летию фак. мировой экономики ИГЭА и 70-летию ИГЭА | ||
| 320 | _aБиблиогр. в примеч.: с. 232-233 и в подстроч. примеч. | ||
| 606 | 1 |
_aВнешнеэкономическая деятельность _jСборники _yИркутская область _92242601 _3RU\NLR\AUTH\661345595 |
|
| 610 | 0 | _aЭкономика | |
| 610 | 0 | _aИркутская область - Международные связи | |
| 610 | 0 | _aИркутская обл. | |
| 610 | 0 | _aИркутская обл., междунар. экон. отношенияэкономикасоциология | |
| 686 | 1 | _aУ9(2)8(2Р-4Ир)я43 | |
| 702 | 1 |
_aПетрова _bТ. К. _4340 |
|
| 711 | 0 | 2 |
_aИркутская государственная экономическая академия _9396100 _3RU\NLR\AUTH\889950156 |
| 801 | 0 |
_aRU _bRKP _c20020305 _gPSBO |
|
| 801 | 1 |
_aRU _bRKP _c20020305 |
|
| 801 | 2 |
_aRU _bNLR _c20120125 _grcr |
|
| 942 | _cBOOK | ||
| 980 | _aNB | ||